[Event "NOR-chT Elite 2122"]
[Site "Norway"]
[Date "2022.02.05"]
[Round "5.3"]
[White "Yilmaz, Mustafa"]
[Black "Lovik, Lasse Ostebo"]
[Result "1-0"]
[WhiteElo "2627"]
[BlackElo "2368"]
[PlyCount "41"]
[EventDate "2021.10.28"]
[EventType "team-tourn"]
[EventRounds "9"]
[EventCountry "NOR"]
[SourceTitle "EXT 2023"]
[Source "ChessBase"]
[SourceDate "2022.10.05"]
[SourceVersion "1"]
[SourceVersionDate "2022.10.05"]
[SourceQuality "1"]
[WhiteTeam "Valerenga"]
[BlackTeam "Bergens"]
[WhiteTeamCountry "NOR"]
[BlackTeamCountry "NOR"]

1. d4 d5 2. c4 c6 3. Nf3 Nf6 4. e3 e6 5. Bd3 Nbd7 6. 0-0 Be7 7. Nc3 b6 8. b3 Bb7 9. Bb2 0-0 10. Re1 c5 11. cxd5 cxd4 12. Nxd4 Nxd5 13. Nxd5 Bxd5 14. e4 Bb7 15. e5 Qb8 16. Qh5 h6 17. Nxe6 fxe6 18. Qg6 Bc5 19. Qxe6+ Kh8 20. Qg6 Kg8 21. Qh7+ 1-0

[Event "NOR-chT Elite 2122"]
[Site "Norway"]
[Date "2022.02.04"]
[Round "4.3"]
[White "Tallaksen, Levi Andre"]
[Black "Lovik, Lasse Ostebo"]
[Result "1-0"]
[WhiteElo "2327"]
[BlackElo "2368"]
[PlyCount "85"]
[EventDate "2021.10.28"]
[EventType "team-tourn"]
[EventRounds "9"]
[EventCountry "NOR"]
[SourceTitle "EXT 2023"]
[Source "ChessBase"]
[SourceDate "2022.10.05"]
[SourceVersion "1"]
[SourceVersionDate "2022.10.05"]
[SourceQuality "1"]
[WhiteTeam "Stavanger"]
[BlackTeam "Bergens"]
[WhiteTeamCountry "NOR"]
[BlackTeamCountry "NOR"]

1. c4 c6 2. d4 d5 3. Nf3 Nf6 4. Nc3 e6 5. Bg5 dxc4 6. e4 b5 7. e5 h6 8. Bh4 g5 9. Nxg5 hxg5 10. Bxg5 Nbd7 11. exf6 Bb7 12. g3 c5 13. d5 Qb6 14. Bg2 0-0-0 15. 0-0 b4 16. Na4 Qa6 17. Re1 exd5 18. a3 b3 19. Nc3 d4 20. Nd5 Bd6 21. Qg4 Kb8 22. Qf5 Nb6 23. Nb4 cxb4 24. axb4 Na4 25. Bxb7 Qxb7 26. Re7 Bxe7 27. fxe7 Rd5 28. Bf4+ Ka8 29. Qxf7 Qd7 30. Rxa4 Re8 31. Ra5 Rxa5 32. bxa5 Qc6 33. h4 c3 34. Qxb3 c2 35. Kh2 Qe4 36. a6 Rh8 37. Qf7 Qc6 38. Qf8+ Qc8 39. Qf6 Rh5 40. Qg6 c1Q 41. Bxc1 Re5 42. Qd6 Rf5 43. Bf4 1-0

[Event "NOR-chT Elite 1920"]
[Site "Norway"]
[Date "2020.03.07"]
[Round "8.2"]
[White "Lovik, Lasse Ostebo"]
[Black "Klukin, Kirill"]
[Result "0-1"]
[WhiteElo "2381"]
[BlackElo "2304"]
[PlyCount "126"]
[EventDate "2019.11.01"]
[EventType "team-tourn"]
[EventRounds "9"]
[EventCountry "NOR"]
[SourceTitle "CBM 195 Extra"]
[Source "ChessBase"]
[SourceDate "2020.05.31"]
[SourceVersion "1"]
[SourceVersionDate "2020.05.31"]
[SourceQuality "1"]
[WhiteTeam "Bergens"]
[BlackTeam "Alta"]
[WhiteTeamCountry "NOR"]
[BlackTeamCountry "NOR"]

1. e4 c5 2. Nc3 Nc6 3. Bb5 Nd4 4. Nf3 e6 5. 0-0 a6 6. Bd3 Ne7 7. Nxd4 cxd4 8. Ne2 Nc6 9. c3 Bc5 10. b4 Bb6 11. a3 0-0 12. cxd4 d5 13. exd5 Qxd5 14. Qc2 Qh5 15. Bb2 Ne7 16. f4 Bd7 17. Rf3 Rac8 18. Bc3 f5 19. Qb3 Nd5 20. Re1 Qh4 21. Qb1 Bc6 22. Rh3 Qd8 23. Bc4 Rf6 24. Qd3 Nxc3 25. Qxc3 Bd5 26. d3 Rg6 27. Rg3 Rxg3 28. hxg3 Ba7 29. Qb3 Kf7 30. Bxd5 Qxd5 31. Qxd5 exd5 32. Kf2 Ke6 33. Ke3 Kd6 34. Rc1 Rxc1 35. Nxc1 Kc6 36. Ne2 a5 37. Nc3 axb4 38. axb4 Bb8 39. b5+ Kb6 40. Kd2 Ka5 41. Nxd5 Kxb5 42. Kc3 Bd6 43. Ne3 g6 44. d5 Bb4+ 45. Kb3 Bc5 46. Nc4 Bf2 47. d6 Kc6 48. Na5+ Kxd6 49. Nxb7+ Kd5 50. Na5 Bxg3 51. Kc2 Bxf4 52. Kd1 Be5 53. Ke2 g5 54. Nc4 Bd4 55. Nd2 Bb6 56. Nc4 Bc5 57. Nd2 Ke5 58. g3 Kf6 59. Kf3 h5 60. Nc4 Bd4 61. Nd2 Be5 62. Nc4 Bc7 63. Ne3 Bxg3 0-1

[Event "EU-Cup 34th"]
[Site "Porto Carras"]
[Date "2018.10.14"]
[Round "3.3"]
[White "Lovik, Lasse Ostebo"]
[Black "Svetushkin, Dmitry"]
[Result "0-1"]
[WhiteElo "2362"]
[BlackElo "2592"]
[PlyCount "86"]
[EventDate "2018.10.12"]
[EventType "team-swiss"]
[EventRounds "7"]
[EventCountry "GRE"]
[SourceTitle "CBM 187"]
[Source "ChessBase"]
[SourceDate "2018.12.11"]
[SourceVersion "1"]
[SourceVersionDate "2018.12.11"]
[SourceQuality "1"]
[WhiteTeam "Copenhagen 11"]
[BlackTeam "Itaka"]
[WhiteTeamCountry "DEN"]
[BlackTeamCountry "SRB"]

1. d4 Nf6 2. c4 e6 3. g3 Bb4+ 4. Bd2 a5 5. Bg2 d6 6. Nf3 Nbd7 7. 0-0 e5 8. a3 Bxd2 9. Qxd2 0-0 10. e3 c6 11. Nc3 Re8 12. b3 e4 13. Ng5 d5 14. Rac1 h6 15. Nh3 Nb6 16. cxd5 cxd5 17. Nb5 Re7 18. Rc5 Nbd7 19. Rc3 Nb8 20. Rfc1 Nc6 21. Nf4 Bf5 22. Rc5 g5 23. Ne2 Qd7 24. Nec3 Kg7 25. Na4 Rd8 26. b4 axb4 27. axb4 Bh3 28. Bh1 Bg4 29. Bg2 Bf3 30. Bf1 h5 31. Qb2 h4 32. Nbc3 Qe6 33. Nb6 Na7 34. Nca4 Ng4 35. Qa2 Rh8 36. Rxd5 hxg3 37. fxg3 Rxh2 38. Rxg5+ Kf8 39. Qxh2 Nxh2 40. Nd5 Nxf1 41. Rc5 Qh6 42. Nf4 Qh1+ 43. Kf2 Nd2 0-1

[Event "EU-Cup 34th"]
[Site "Porto Carras"]
[Date "2018.10.12"]
[Round "1.3"]
[White "Cumming, Rhys"]
[Black "Lovik, Lasse Ostebo"]
[Result "0-1"]
[WhiteElo "2224"]
[BlackElo "2362"]
[PlyCount "56"]
[EventDate "2018.10.12"]
[EventType "team-swiss"]
[EventRounds "7"]
[EventCountry "GRE"]
[SourceTitle "CBM 187"]
[Source "ChessBase"]
[SourceDate "2018.12.11"]
[SourceVersion "1"]
[SourceVersionDate "2018.12.11"]
[SourceQuality "1"]
[WhiteTeam "3Cs"]
[BlackTeam "Copenhagen 11"]
[WhiteTeamCountry "ENG"]
[BlackTeamCountry "DEN"]

1. e4 e6 2. d4 d5 3. Nd2 c5 4. exd5 exd5 5. Ngf3 Nc6 6. Bb5 cxd4 7. Nxd4 Bd7 8. N2f3 Nf6 9. 0-0 Be7 10. Bg5 0-0 11. Bd3 Re8 12. Bf5 h6 13. Bh4 g5 14. Bg3 Ne4 15. Nxc6 Bxc6 16. Be5 Bc5 17. Bd4 Qb6 18. Bxc5 Qxc5 19. c3 Bb5 20. Nd4 Bxf1 21. Qh5 Qb6 22. Rxf1 Re5 23. Qh3 Nd2 24. Bc2 Nxf1 25. Qd3 Re1 26. Qh7+ Kf8 27. h4 Qf6 28. Nf3 Rc1 0-1

[Event "NOR-chT Club"]
[Site "Bergen"]
[Date "2018.05.11"]
[Round "2.3"]
[White "Lovik, Lasse Ostebo"]
[Black "Tisdall, Jonathan D"]
[Result "0-1"]
[WhiteElo "2376"]
[BlackElo "2402"]
[PlyCount "176"]
[EventDate "2018.05.10"]
[EventType "team-swiss"]
[EventRounds "6"]
[EventCountry "NOR"]
[SourceTitle "EXT 2019"]
[Source "ChessBase"]
[SourceDate "2018.10.10"]
[SourceVersion "1"]
[SourceVersionDate "2018.10.10"]
[SourceQuality "1"]
[WhiteTeam "Oslo SK 1911"]
[BlackTeam "Asker"]
[WhiteTeamCountry "NOR"]
[BlackTeamCountry "NOR"]

1. d4 e6 2. c4 Nf6 3. g3 d5 4. Nf3 g6 5. Bg2 Bg7 6. 0-0 0-0 7. Qc2 Nc6 8. Rd1 a5 9. a3 Ne4 10. Nc3 Nxc3 11. Qxc3 a4 12. Bg5 f6 13. Bf4 g5 14. Be3 Na5 15. Nd2 b6 16. cxd5 exd5 17. Rac1 c6 18. Qb4 b5 19. b3 axb3 20. Nxb3 Nc4 21. Nd2 Re8 22. Nxc4 bxc4 23. Qc5 Ra6 24. Qb4 Bf8 25. Qb8 Bf5 26. Qxd8 Rxd8 27. Bd2 Bxa3 28. Ra1 Rda8 29. Bc3 Bd6 30. Rac1 Ra2 31. e4 Be6 32. Re1 Kf7 33. Re3 R8a3 34. exd5 Bxd5 35. Bf1 Rb3 36. Be1 Ra4 37. Re2 Rd3 38. Rec2 Rxd4 39. Bc3 Re4 40. Bg2 Re7 41. Bxd5+ cxd5 42. Rd1 Ke6 43. Re2+ Kd7 44. Red2 Be5 45. Rxd5+ Kc6 46. Be1 Re6 47. Rd7 Rd6 48. R7xd6+ Bxd6 49. Bc3 Be5 50. Bxe5 fxe5 51. Kf1 Ra2 52. Rd8 Kc5 53. Rd7 h6 54. Ke1 c3 55. Rh7 Kd5 56. Rc7 Kd4 57. Rc6 Kd3 58. Rd6+ Ke4 59. Rc6 Kd4 60. h4 g4 61. h5 e4 62. Rc8 Ra5 63. Kd1 Rxh5 64. Kc2 Rf5 65. Rd8+ Ke5 66. Re8+ Kd6 67. Kxc3 Rxf2 68. Kd4 Rf3 69. Rh8 e3 70. Rxh6+ Ke7 71. Rh2 Rxg3 72. Re2 Kf6 73. Rxe3 Rg1 74. Kd3 Rf1 75. Ke2 Rf4 76. Re8 Kg5 77. Rh8 g3 78. Ke3 Rf6 79. Rg8+ Kh4 80. Rh8+ Kg4 81. Rg8+ Kh3 82. Rh8+ Kg2 83. Rg8 Kh2 84. Rh8+ Kg1 85. Ke2 g2 86. Rh7 Re6+ 87. Kd2 Re5 88. Rh8 Kf2 0-1

[Event "NOR-ch"]
[Site "Stavanger"]
[Date "2017.07.07"]
[Round "8"]
[White "Aulin Jansson, Joran"]
[Black "Lovik, Lasse Ostebo"]
[Result "1-0"]
[WhiteElo "2267"]
[BlackElo "2400"]
[PlyCount "81"]
[EventDate "2017.06.30"]
[EventType "swiss"]
[EventRounds "9"]
[EventCountry "NOR"]
[SourceTitle "CBM 179 Extra"]
[Source "ChessBase"]
[SourceDate "2017.08.23"]
[SourceVersion "1"]
[SourceVersionDate "2017.08.23"]
[SourceQuality "1"]

1. e4 e5 2. Nf3 Nc6 3. Bb5 a6 4. Bxc6 dxc6 5. Nc3 Bd6 6. d4 f6 7. dxe5 fxe5 8. Nxe5 Nf6 9. Nc4 0-0 10. Nxd6 cxd6 11. 0-0 Be6 12. Bg5 b5 13. f3 Qc7 14. Qd2 Rad8 15. Rad1 d5 16. Bxf6 Rxf6 17. f4 Rff8 18. e5 Bf5 19. b4 d4 20. Ne2 c5 21. h3 d3 22. cxd3 Rxd3 23. Qb2 Rfd8 24. Rxd3 Rxd3 25. bxc5 Qxc5+ 26. Kh2 Bxh3 27. Qc1 Qe3 28. Qxe3 Rxe3 29. Nd4 Rd3 30. Nc6 Bg4 31. f5 Rc3 32. Ne7+ Kf8 33. Nd5 Rd3 34. Nc7 Re3 35. Rf4 h5 36. e6 Rd3 37. f6 gxf6 38. Rxf6+ Kg7 39. e7 Bd7 40. e8Q Bxe8 41. Nxe8+ 1-0

[Event "NOR-ch"]
[Site "Stavanger"]
[Date "2017.06.30"]
[Round "1"]
[White "Agdestein, Simen"]
[Black "Lovik, Lasse Ostebo"]
[Result "1-0"]
[WhiteElo "2604"]
[BlackElo "2400"]
[PlyCount "81"]
[EventDate "2017.06.30"]
[EventType "swiss"]
[EventRounds "9"]
[EventCountry "NOR"]
[SourceTitle "CBM 179 Extra"]
[Source "ChessBase"]
[SourceDate "2017.08.23"]
[SourceVersion "1"]
[SourceVersionDate "2017.08.23"]
[SourceQuality "1"]

1. Nf3 Nf6 2. g3 g6 3. b3 Bg7 4. Bb2 c5 5. c4 Nc6 6. Bg2 0-0 7. 0-0 d6 8. d4 d5 9. dxc5 dxc4 10. Ne5 Nxe5 11. Qxd8 Rxd8 12. Bxe5 cxb3 13. axb3 Nd5 14. Bxg7 Kxg7 15. Rc1 Be6 16. Na3 Rac8 17. Nb5 a6 18. Nd4 Rc7 19. Nxe6+ fxe6 20. Rc4 Rdc8 21. b4 b6 22. Rxa6 bxc5 23. b5 Kf7 24. Bh3 Kg7 25. Bxe6 Rd8 26. Rc6 Rb7 27. R4xc5 Nb6 28. f4 Rd4 29. Rc7 Na4 30. R5c6 Rxc7 31. Rxc7 Rb4 32. Rc4 Rb1+ 33. Kg2 Nb6 34. Rc5 Na4 35. Re5 Nc3 36. Bc4 Kf8 37. Bd3 Rb2 38. h4 Kf7 39. Kf3 Na4 40. h5 Nb6 41. hxg6+ 1-0

[Event "ISL-chT 1617"]
[Site "Reykjavik"]
[Date "2017.03.04"]
[Round "8.1"]
[White "Lovik, Lasse Ostebo"]
[Black "Stefansson, Hannes"]
[Result "1/2-1/2"]
[WhiteElo "2378"]
[BlackElo "2574"]
[PlyCount "49"]
[EventDate "2016.09.29"]
[EventType "team-tourn"]
[EventRounds "9"]
[EventCountry "ISL"]
[SourceTitle "EXT 2018"]
[Source "ChessBase"]
[SourceDate "2017.10.13"]
[SourceVersion "1"]
[SourceVersionDate "2017.10.13"]
[SourceQuality "1"]
[WhiteTeam "KR CC"]
[BlackTeam "Huginn"]
[WhiteTeamCountry "ISL"]
[BlackTeamCountry "ISL"]

1. d4 Nf6 2. c4 e6 3. Nc3 Bb4 4. e3 d5 5. Nge2 dxc4 6. a3 Ba5 7. Qa4+ Nc6 8. Bd2 0-0 9. Qxc4 e5 10. d5 Ne7 11. Rd1 c6 12. dxc6 Nxc6 13. Ng3 Be6 14. Qa4 Nd7 15. Nge4 a6 16. Nd5 Bxd5 17. Bxa5 Nxa5 18. Rxd5 Nb6 19. Rxd8 Nxa4 20. Rxa8 Rxa8 21. b4 Nc6 22. Bc4 a5 23. b5 Nd8 24. Bb3 Nb6 25. Ke2 1/2-1/2

[Event "ISL-chT 1617"]
[Site "Reykjavik"]
[Date "2017.03.04"]
[Round "9.5"]
[White "Sigurpalsson, Runar"]
[Black "Lovik, Lasse Ostebo"]
[Result "0-1"]
[WhiteElo "2280"]
[BlackElo "2378"]
[PlyCount "92"]
[EventDate "2016.09.29"]
[EventType "team-tourn"]
[EventRounds "9"]
[EventCountry "ISL"]
[SourceTitle "EXT 2018"]
[Source "ChessBase"]
[SourceDate "2017.10.13"]
[SourceVersion "1"]
[SourceVersionDate "2017.10.13"]
[SourceQuality "1"]
[WhiteTeam "Akureyri"]
[BlackTeam "KR CC"]
[WhiteTeamCountry "ISL"]
[BlackTeamCountry "ISL"]

1. c4 c5 2. Nc3 Nc6 3. Nf3 g6 4. g3 Bg7 5. Bg2 e6 6. d3 Nge7 7. 0-0 b6 8. e4 Bb7 9. Be3 0-0 10. d4 d6 11. Rc1 Rc8 12. b3 e5 13. dxe5 dxe5 14. Nd5 Nd4 15. Qd2 Qd6 16. Nxd4 cxd4 17. Bh6 Bxh6 18. Qxh6 Nxd5 19. cxd5 Ba6 20. Rfd1 Qb4 21. Bf3 Rxc1 22. Qxc1 Rc8 23. Qg5 Qd6 24. Qd2 Rc3 25. Be2 Bc8 26. Bd3 Bg4 27. Be2 Bxe2 28. Qxe2 Qc5 29. Rd2 h5 30. h4 Kg7 31. Kh2 b5 32. Kg1 a6 33. Kf1 Qc8 34. Kg2 Qc5 35. Kf1 a5 36. Kg1 a4 37. bxa4 bxa4 38. Kf1 Kf8 39. Qa6 Kg7 40. Ke2 d3+ 41. Rxd3 Rc2+ 42. Rd2 Rxd2+ 43. Kxd2 Qxf2+ 44. Kc1 Qxa2 45. d6 a3 46. Qb5 Qb2+ 0-1

[Event "ISL-chT 1617"]
[Site "Reykjavik"]
[Date "2017.03.03"]
[Round "7.5"]
[White "Lovik, Lasse Ostebo"]
[Black "Thorgeirsson, Sverrir"]
[Result "1-0"]
[WhiteElo "2378"]
[BlackElo "2278"]
[PlyCount "65"]
[EventDate "2016.09.29"]
[EventType "team-tourn"]
[EventRounds "9"]
[EventCountry "ISL"]
[SourceTitle "EXT 2018"]
[Source "ChessBase"]
[SourceDate "2017.10.13"]
[SourceVersion "1"]
[SourceVersionDate "2017.10.13"]
[SourceQuality "1"]
[WhiteTeam "KR CC"]
[BlackTeam "Reykjanesbaejar"]
[WhiteTeamCountry "ISL"]
[BlackTeamCountry "ISL"]

1. d4 d5 2. c4 c6 3. Nf3 Nf6 4. Nc3 e6 5. Bg5 Nbd7 6. cxd5 exd5 7. e3 Be7 8. Qc2 Nf8 9. Bd3 Bg4 10. Ne5 Bh5 11. h3 Bg6 12. Nxg6 hxg6 13. Bf4 Rc8 14. 0-0-0 Ne6 15. Be5 Bd6 16. Kb1 Bxe5 17. dxe5 Nd7 18. f4 0-0 19. h4 Ndc5 20. h5 g5 21. f5 Nxd3 22. Qxd3 Nc5 23. Qd4 Nd7 24. h6 f6 25. hxg7 Kxg7 26. e6 Nb6 27. Rh5 Rh8 28. Rxg5+ Kf8 29. Rg6 Ke8 30. Rxf6 c5 31. Qe5 Nc4 32. Qxd5 Qxd5 33. Nxd5 1-0

[Event "NOR-chT 1617"]
[Site "Norway"]
[Date "2016.10.28"]
[Round "1.3"]
[White "Lovik, Lasse Ostebo"]
[Black "Houska, Jovanka"]
[Result "1/2-1/2"]
[WhiteElo "2378"]
[BlackElo "2386"]
[PlyCount "103"]
[EventDate "2016.10.28"]
[EventType "team-tourn"]
[EventRounds "9"]
[EventCountry "NOR"]
[SourceTitle "EXT 2018"]
[Source "ChessBase"]
[SourceDate "2017.10.13"]
[SourceVersion "1"]
[SourceVersionDate "2017.10.13"]
[SourceQuality "1"]
[WhiteTeam "Stavanger"]
[BlackTeam "Bergens"]
[WhiteTeamCountry "NOR"]
[BlackTeamCountry "NOR"]

1. c4 e6 2. Nf3 d5 3. e3 Nf6 4. b3 Be7 5. Nc3 0-0 6. Bb2 c5 7. cxd5 Nxd5 8. Nxd5 exd5 9. Be2 Nc6 10. 0-0 d4 11. Bb5 Bd7 12. exd4 Nxd4 13. Nxd4 cxd4 14. Bxd7 Qxd7 15. Re1 Bf6 16. Qf3 Rac8 17. Qd3 h6 18. Re4 Rc6 19. Ree1 Rfc8 20. Rac1 g6 21. h3 h5 22. Rxc6 Rxc6 23. Rc1 Rxc1+ 24. Bxc1 Qe7 25. Kf1 Qc7 26. Ba3 Qa5 27. Bd6 Qxa2 28. g3 Qa5 29. Kg1 Qd5 30. Bb8 a5 31. Bc7 Qc5 32. Bf4 Qc6 33. Kh2 b5 34. h4 a4 35. bxa4 bxa4 36. Qa3 Bg7 37. Qb4 d3 38. Qb8+ Kh7 39. Qa7 Kg8 40. Qb8+ Kh7 41. Qa7 Qc4 42. Bd6 Bd4 43. Qb7 Qe6 44. Qc7 Bxf2 45. Be5 Bb6 46. Qb8 Bd8 47. Bf4 Qe1 48. Qxd8 Qe2+ 49. Kh3 Qf1+ 50. Kh2 Qe2+ 51. Kh3 Qf1+ 52. Kh2 1/2-1/2

[Event "NOR-ch"]
[Site "Trondheim"]
[Date "2014.07.17"]
[Round "7"]
[White "Mihajlov, Sebastian"]
[Black "Lovik, Lasse Ostebo"]
[Result "1/2-1/2"]
[WhiteElo "2227"]
[BlackElo "2342"]
[PlyCount "41"]
[EventDate "2014.07.12"]
[EventType "swiss"]
[EventRounds "9"]
[EventCountry "NOR"]
[SourceTitle "EXT 2015"]
[Source "ChessBase"]
[SourceDate "2014.11.20"]
[SourceVersion "1"]
[SourceVersionDate "2014.11.20"]
[SourceQuality "1"]

1. d4 e6 2. c4 Nf6 3. Nc3 Bb4 4. f3 0-0 5. e4 d5 6. e5 Nfd7 7. cxd5 exd5 8. f4 c5 9. Nf3 cxd4 10. Qxd4 Nc6 11. Qxd5 Ndxe5 12. Qxd8 Nxf3+ 13. gxf3 Rxd8 14. Be3 Bf5 15. Kf2 Nd4 16. Rd1 Nc2 17. Rxd8+ Rxd8 18. Bxa7 Rd2+ 19. Kg3 Nd4 20. a3 Bd6 21. Ne4 1/2-1/2

[Event "NOR-ch"]
[Site "Trondheim"]
[Date "2014.07.13"]
[Round "2"]
[White "Lie, Espen"]
[Black "Lovik, Lasse Ostebo"]
[Result "1-0"]
[WhiteElo "2437"]
[BlackElo "2342"]
[PlyCount "89"]
[EventDate "2014.07.12"]
[EventType "swiss"]
[EventRounds "9"]
[EventCountry "NOR"]
[SourceTitle "EXT 2015"]
[Source "ChessBase"]
[SourceDate "2014.11.20"]
[SourceVersion "1"]
[SourceVersionDate "2014.11.20"]
[SourceQuality "1"]

1. Nf3 Nf6 2. g3 b6 3. Bg2 Bb7 4. 0-0 g6 5. d3 Bg7 6. e4 d6 7. Nc3 0-0 8. Re1 c5 9. Nh4 Nc6 10. f4 e6 11. Ne2 d5 12. e5 Nd7 13. Nf3 Rc8 14. c4 d4 15. Ng5 Ba8 16. g4 h6 17. Ne4 Qh4 18. N2g3 Ndxe5 19. fxe5 Nxe5 20. g5 Ng4 21. Nf1 f5 22. gxf6 Bxf6 23. h3 h5 24. Bf4 Bxe4 25. Bg3 Bxg2 26. Bxh4 Bxh4 27. Kxg2 Rxf1 28. Kxf1 Rf8+ 29. Kg1 Nf2 30. Qe2 Nxh3+ 31. Kh2 Nf4 32. Qe4 Bxe1 33. Rxe1 Kg7 34. Qe5+ Kh6 35. Rg1 Kh7 36. Rf1 Nxd3 37. Qc7+ Kg8 38. Rxf8+ Kxf8 39. Qb8+ Kg7 40. Qxa7+ Kh6 41. Qxb6 e5 42. Qe6 Nf2 43. Kg3 Ng4 44. Kh4 d3 45. Qg8 1-0

[Event "POR-chT"]
[Site "Porto"]
[Date "2013.08.21"]
[Round "5.5"]
[White "Lovik, Lasse Ostebo"]
[Black "Dias, Paulo Jorge Guimara"]
[Result "1/2-1/2"]
[WhiteElo "2295"]
[BlackElo "2427"]
[PlyCount "133"]
[EventDate "2013.08.18"]
[EventType "team-tourn"]
[EventRounds "9"]
[EventCountry "POR"]
[SourceTitle "CBM 156 Extra"]
[Source "ChessBase"]
[SourceDate "2013.10.22"]
[SourceVersion "1"]
[SourceVersionDate "2013.10.22"]
[SourceQuality "1"]
[WhiteTeam "Montemor o Velho"]
[BlackTeam "Diana"]
[WhiteTeamCountry "POR"]
[BlackTeamCountry "POR"]

1. d4 Nf6 2. c4 e6 3. Nc3 Bb4 4. Qc2 c5 5. dxc5 Bxc5 6. Nf3 Qb6 7. e3 Qc7 8. Bd3 a6 9. 0-0 b6 10. Ne4 Nxe4 11. Bxe4 Bb7 12. Bxb7 Qxb7 13. Qc3 0-0 14. b4 Be7 15. Bb2 Bf6 16. Qc2 Bxb2 17. Ng5 Rc8 18. Qxb2 Rxc4 19. Rac1 Rxc1 20. Rxc1 h6 21. Nf3 Nc6 22. Ne5 Nxe5 23. Qxe5 Rc8 24. Rxc8+ Qxc8 25. g3 Qc1+ 26. Kg2 Qc6+ 27. Kg1 d6 28. Qd4 d5 29. h4 h5 30. Qe5 g6 31. Qb8+ Kg7 32. Qe5+ Kh7 33. Qb8 b5 34. Qf8 Qd7 35. Qb8 d4 36. exd4 Qxd4 37. Qb7 Kg7 38. Qxa6 Qxb4 39. Qa7 Qb1+ 40. Kg2 Qe4+ 41. Kg1 b4 42. Qb6 e5 43. Qb8 Qd4 44. Qb7 Kf6 45. Qc6+ Kg7 46. Qb7 Qc4 47. Kg2 Kf6 48. Kg1 e4 49. Kg2 Ke5 50. Qb6 e3 51. Qb8+ Kf5 52. fxe3 Qxa2+ 53. Kf3 Qc4 54. Kf2 Kg4 55. Qd6 b3 56. Qd7+ Qe6 57. Qd1+ Kf5 58. Qd3+ Kf6 59. Qc3+ Ke7 60. Qb4+ Kf6 61. Qc3+ Kf5 62. Qd3+ Qe4 63. Qxb3 f6 64. Qb5+ Kg4 65. Qe2+ Kf5 66. Qb5+ Kg4 67. Qe2+ 1/2-1/2

[Event "POR-chT"]
[Site "Porto"]
[Date "2013.08.18"]
[Round "2.2"]
[White "Lovik, Lasse Ostebo"]
[Black "Rego, Pedro Filipe"]
[Result "1-0"]
[WhiteElo "2295"]
[BlackElo "2245"]
[PlyCount "72"]
[EventDate "2013.08.18"]
[EventType "team-tourn"]
[EventRounds "9"]
[EventCountry "POR"]
[SourceTitle "CBM 156 Extra"]
[Source "ChessBase"]
[SourceDate "2013.10.22"]
[SourceVersion "1"]
[SourceVersionDate "2013.10.22"]
[SourceQuality "1"]
[WhiteTeam "Montemor o Velho"]
[BlackTeam "TAP"]
[WhiteTeamCountry "POR"]
[BlackTeamCountry "POR"]

1. d4 Nf6 2. c4 e6 3. Nc3 d5 4. cxd5 exd5 5. Bg5 Be7 6. Qc2 0-0 7. e3 c6 8. Bd3 h6 9. Bh4 Be6 10. Nge2 Nh5 11. Bxe7 Qxe7 12. 0-0 Nd7 13. b4 Qxb4 14. Rab1 Qd6 15. Rxb7 Rfb8 16. Rfb1 Rxb7 17. Rxb7 Nb6 18. Na4 Bc8 19. Nxb6 Bxb7 20. Nxa8 Bxa8 21. Nc3 Qb4 22. Nxd5 Qe1+ 23. Bf1 cxd5 24. Qc8+ Kh7 25. Qxa8 Nf6 26. Qxa7 Kg8 27. Qb8+ Kh7 28. Qb2 Ne4 29. Qe2 Qa1 30. Qc2 g6 31. Qc7 Kg7 32. Qe5+ Nf6 33. g4 g5 34. f4 Qd1 35. h3 Qf3 36. Bg2 gxf4 1-0

[Event "Barcelona Sant Marti op-A 15th"]
[Site "Barcelona"]
[Date "2013.07.20"]
[Round "8"]
[White "Pellus Ruiz, Josep"]
[Black "Lovik, Lasse Ostebo"]
[Result "0-1"]
[WhiteElo "2171"]
[BlackElo "2311"]
[PlyCount "92"]
[EventDate "2013.07.13"]
[EventType "swiss"]
[EventRounds "9"]
[EventCountry "ESP"]
[SourceTitle "CBM 155 Extra"]
[Source "ChessBase"]
[SourceDate "2013.08.26"]
[SourceVersion "1"]
[SourceVersionDate "2013.08.26"]
[SourceQuality "1"]

1. c4 c5 2. g3 Nc6 3. Bg2 g6 4. Nc3 Bg7 5. e4 e6 6. Nge2 Nge7 7. d3 0-0 8. Be3 Nd4 9. 0-0 a6 10. f4 d6 11. Qd2 Rb8 12. Bf2 Nec6 13. Rac1 b6 14. Nxd4 Nxd4 15. Ne2 Nxe2+ 16. Qxe2 Bb7 17. Rcd1 Qc7 18. b3 b5 19. Kh1 Rfe8 20. d4 cxd4 21. Bxd4 Bxd4 22. Rxd4 e5 23. fxe5 Rxe5 24. Qd2 Re6 25. Rd1 bxc4 26. Rxc4 Qe7 27. Qc2 Rd8 28. Rc7 Rd7 29. Rxd7 Qxd7 30. Qd3 Qe7 31. Kg1 Bxe4 32. Bxe4 Rxe4 33. Qxa6 Re2 34. Qc8+ Kg7 35. Qc3+ f6 36. Rd2 Re1+ 37. Kf2 Rh1 38. Kg2 Qe4+ 39. Kh3 Qe6+ 40. Kg2 Qe1 41. Qd3 Rg1+ 42. Kf3 Qe5 43. Qxd6 Qf5+ 44. Qf4 Rf1+ 45. Rf2 Qd5+ 46. Kg4 Qh5# 0-1

[Event "NOR-ch"]
[Site "Lillehammer"]
[Date "2013.07.04"]
[Round "7"]
[White "Kvisvik, Brede Alexander"]
[Black "Lovik, Lasse Ostebo"]
[Result "1/2-1/2"]
[WhiteElo "2312"]
[BlackElo "2311"]
[PlyCount "75"]
[EventDate "2013.06.29"]
[EventType "swiss"]
[EventRounds "9"]
[EventCountry "NOR"]
[SourceTitle "CBM 155 Extra"]
[Source "ChessBase"]
[SourceDate "2013.08.26"]
[SourceVersion "1"]
[SourceVersionDate "2013.08.26"]
[SourceQuality "1"]

1. d4 Nf6 2. c4 e6 3. g3 d5 4. Nf3 Bb4+ 5. Nbd2 0-0 6. Bg2 dxc4 7. 0-0 c3 8. bxc3 Bxc3 9. Rb1 Nc6 10. e3 e5 11. Nxe5 Nxe5 12. dxe5 Ng4 13. Nc4 Nxe5 14. Qb3 Qf6 15. f4 Nxc4 16. Qxc4 c6 17. Rb3 Ba5 18. Bb2 Qh6 19. f5 Bb6 20. Rf4 Re8 21. Rg4 Rxe3 22. Kf1 Bxf5 23. Rxg7+ Qxg7 24. Bxg7 Be6 25. Qf4 Bxb3 26. Bh6 Bc2 27. Qg4+ Bg6 28. Bxe3 Bxe3 29. Be4 Rd8 30. h4 h5 31. Qf3 Bb6 32. Bxg6 fxg6 33. Qe4 Rf8+ 34. Ke2 Rf6 35. Qe7 Rf7 36. Qe6 Kg7 37. a4 Bc7 38. g4 1/2-1/2

[Event "NOR-ch"]
[Site "Lillehammer"]
[Date "2013.07.01"]
[Round "3"]
[White "Kvisla, Johannes Luangtep"]
[Black "Lovik, Lasse Ostebo"]
[Result "0-1"]
[WhiteElo "2175"]
[BlackElo "2311"]
[PlyCount "144"]
[EventDate "2013.06.29"]
[EventType "swiss"]
[EventRounds "9"]
[EventCountry "NOR"]
[SourceTitle "CBM 155 Extra"]
[Source "ChessBase"]
[SourceDate "2013.08.26"]
[SourceVersion "1"]
[SourceVersionDate "2013.08.26"]
[SourceQuality "1"]

1. d4 Nf6 2. c4 e6 3. Nc3 Bb4 4. e3 0-0 5. Nge2 d5 6. a3 Bd6 7. Ng3 c6 8. Be2 dxc4 9. Bxc4 e5 10. dxe5 Bxe5 11. Qxd8 Rxd8 12. Bd2 Nbd7 13. f4 Bc7 14. 0-0-0 Nc5 15. b4 Nd3+ 16. Bxd3 Rxd3 17. Kc2 Rd8 18. h3 Be6 19. Bc1 Nd5 20. Nxd5 Bxd5 21. e4 Bc4 22. Kc3 Bb5 23. Nf5 a5 24. Rxd8+ Rxd8 25. Nd4 Ba6 26. Be3 Bb6 27. Re1 axb4+ 28. axb4 h6 29. Nf5 Rd3+ 30. Kc2 Bc7 31. e5 Kh7 32. Rd1 Rxd1 33. Kxd1 Bf1 34. Nd6 Bxg2 35. Nxf7 Bxh3 36. Nd6 b5 37. Ke2 Kg6 38. Bc5 Bd8 39. Kf3 Bh4 40. Nb7 Kf5 41. Nd6+ Ke6 42. Nb7 g6 43. Bf2 Be7 44. Bc5 Bh4 45. Bf2 Be7 46. Bc5 Bxc5 47. Nxc5+ Kf5 48. Kg3 Bf1 49. Nb3 Ke6 50. Kf2 Bc4 51. Nd4+ Kd5 52. Ke3 Bf1 53. e6 Bh3 54. f5 gxf5 55. Kf4 Kd6 56. e7 Kxe7 57. Nxc6+ Kf6 58. Nd4 h5 59. Nxb5 h4 60. Nd4 Bg4 61. b5 h3 62. Nf3 Ke6 63. Ng5+ Kf6 64. Nf3 Ke7 65. b6 Kd6 66. b7 Kc7 67. Nh2 Kxb7 68. Kg3 Kc6 69. Kf4 Kd5 70. Nf1 Kd4 71. Nh2 Kd3 72. Kg3 Ke2 0-1